[Event "Schleswig Holstein-ch U16 Vormeister"]
[Site "Neumuenster"]
[Date "2010.04.09"]
[Round "7"]
[White "Kroencke, Merten"]
[Black "Westerhaus, Jonas"]
[Result "1/2-1/2"]
[WhiteElo "1191"]
[BlackElo "1210"]
[PlyCount "53"]
[EventDate "2010.04.05"]
[EventType "swiss"]
[EventRounds "9"]
[EventCountry "GER"]
[SourceTitle "EXT 2023"]
[Source "ChessBase"]
[SourceDate "2022.10.05"]
[SourceVersion "1"]
[SourceVersionDate "2022.10.05"]
[SourceQuality "1"]

1. d4 d5 2. c4 c6 3. Nf3 Nf6 4. Nc3 g6 5. e3 Bg7 6. Bd3 0-0 7. 0-0 Nbd7 8. Qc2 dxc4 9. Bxc4 Nb6 10. Bd3 Be6 11. b3 Rc8 12. Ba3 Re8 13. Rac1 Nbd5 14. Qe2 Qd7 15. Ng5 Nxc3 16. Rxc3 Nd5 17. Rc2 h6 18. Nxe6 Qxe6 19. Rfc1 Qd7 20. Rc5 e6 21. Qc2 Bf8 22. Ra5 b6 23. Ra6 Bxa3 24. Rxa3 Nb4 25. Qd2 Nxd3 26. Qxd3 c5 27. h3 1/2-1/2

[Event "Schleswig Holstein-ch U16 Vormeister"]
[Site "Neumuenster"]
[Date "2010.04.06"]
[Round "2"]
[White "Kroencke, Merten"]
[Black "Funk, Moritz"]
[Result "0-1"]
[WhiteElo "1191"]
[BlackElo "1561"]
[PlyCount "87"]
[EventDate "2010.04.05"]
[EventType "swiss"]
[EventRounds "9"]
[EventCountry "GER"]
[SourceTitle "EXT 2023"]
[Source "ChessBase"]
[SourceDate "2022.10.05"]
[SourceVersion "1"]
[SourceVersionDate "2022.10.05"]
[SourceQuality "1"]

1. d4 Nf6 2. c4 g6 3. Nc3 Bg7 4. e4 d6 5. Nf3 0-0 6. Bd3 Nc6 7. a3 Ne8 8. Be3 a5 9. Qc2 e5 10. d5 Ne7 11. Kd2 f5 12. exf5 gxf5 13. Nh4 f4 14. Bxh7+ Kh8 15. Raf1 Nf6 16. Ng6+ Nxg6 17. Bxg6 fxe3+ 18. fxe3 Bh6 19. h3 Bd7 20. g4 Be8 21. Bf5 Bd7 22. Bg6 Qe7 23. Rhg1 Nh7 24. Ne4 Ng5 25. Nxg5 Qxg5 26. Qd3 Rxf1 27. Rxf1 Rf8 28. Rxf8+ Bxf8 29. Qf1 Bh6 30. Qf7 Qxe3+ 31. Kc2 Ba4+ 32. Kb1 Qc1+ 33. Ka2 Qxc4+ 34. Ka1 Qc1+ 35. Ka2 Bg7 36. Qe7 Qc4+ 37. Ka1 Qf1+ 38. Ka2 Qf6 39. Qxf6 Bxf6 40. b3 Bb5 41. Kb2 Bf1 42. Kc3 Bxh3 43. Bf5 Bg2 44. Kc4 0-1

[Event "Schleswig Holstein-ch U14 VM"]
[Site "Neumuenster"]
[Date "2008.03.29"]
[Round "8"]
[White "Winter, Hauke"]
[Black "Kroencke, Merten"]
[Result "1/2-1/2"]
[WhiteElo "1015"]
[BlackElo "883"]
[PlyCount "66"]
[EventDate "2008.03.24"]
[EventType "swiss"]
[EventRounds "9"]
[EventCountry "GER"]
[SourceTitle "EXT 2009"]
[Source "ChessBase"]
[SourceDate "2008.11.26"]
[SourceVersion "1"]
[SourceVersionDate "2008.11.26"]
[SourceQuality "1"]

1. e4 c5 2. Nc3 d6 3. d4 cxd4 4. Qxd4 Nc6 5. Qd1 Nf6 6. Bb5 Bd7 7. Bg5 Qa5 8. Bd2 Nxe4 9. Bxc6 Bxc6 10. Nxe4 Qe5 11. f3 Bxe4 12. fxe4 Qxe4+ 13. Qe2 Qxc2 14. Qb5+ Kd8 15. Qxb7 Qc8 16. Ba5+ Ke8 17. Qb5+ Qd7 18. Qxd7+ Kxd7 19. Rc1 Rc8 20. Rxc8 Kxc8 21. Bc3 e5 22. Nf3 Be7 23. Ke2 Kd7 24. Rc1 Rc8 25. Bd2 Rxc1 26. Bxc1 f5 27. Ng5 Bxg5 28. Bxg5 Ke6 29. Be3 a6 30. a4 d5 31. Bc5 d4 32. b4 Kd5 33. Bf8 g6 1/2-1/2

[Event "Schleswig Holstein-ch U14 VM"]
[Site "Neumuenster"]
[Date "2008.03.28"]
[Round "7"]
[White "Kroencke, Merten"]
[Black "Baqi, Tiemo"]
[Result "1/2-1/2"]
[WhiteElo "883"]
[BlackElo "770"]
[PlyCount "77"]
[EventDate "2008.03.24"]
[EventType "swiss"]
[EventRounds "9"]
[EventCountry "GER"]
[SourceTitle "EXT 2009"]
[Source "ChessBase"]
[SourceDate "2008.11.26"]
[SourceVersion "1"]
[SourceVersionDate "2008.11.26"]
[SourceQuality "1"]

1. e4 e5 2. Nf3 Nc6 3. Bb5 Nd4 4. Nc3 Nf6 5. d3 Nxb5 6. Nxb5 c6 7. Nc3 Qc7 8. Bg5 Be7 9. d4 exd4 10. Nxd4 h6 11. Bxf6 Bxf6 12. 0-0 0-0 13. f4 d6 14. Nf3 Qb6+ 15. Kh1 Bg4 16. Na4 Qe3 17. Qd3 Qxd3 18. cxd3 Bxf3 19. Rxf3 d5 20. Nc3 Bxc3 21. bxc3 Rfe8 22. Re1 b5 23. Rfe3 dxe4 24. Rxe4 Rxe4 25. Rxe4 Kf8 26. Kg1 Re8 27. Rxe8+ Kxe8 28. Kf2 Kd7 29. Ke3 Kd6 30. Kd4 c5+ 31. Ke3 f5 32. c4 bxc4 33. dxc4 g5 34. fxg5 hxg5 35. Kf3 Ke5 36. g4 fxg4+ 37. Kxg4 Kd4 38. Kxg5 Kxc4 39. h4 1/2-1/2

[Event "Schleswig Holstein-ch U14 VM"]
[Site "Neumuenster"]
[Date "2008.03.25"]
[Round "3"]
[White "Kroencke, Merten"]
[Black "Heinrich, Sebastian"]
[Result "0-1"]
[WhiteElo "883"]
[BlackElo "755"]
[PlyCount "131"]
[EventDate "2008.03.24"]
[EventType "swiss"]
[EventRounds "9"]
[EventCountry "GER"]
[SourceTitle "EXT 2009"]
[Source "ChessBase"]
[SourceDate "2008.11.26"]
[SourceVersion "1"]
[SourceVersionDate "2008.11.26"]
[SourceQuality "1"]

1. e4 e5 2. Nf3 Nc6 3. Bc4 Nf6 4. Ng5 d5 5. exd5 Nxd5 6. Nxf7 Kxf7 7. Qf3+ Ke7 8. Qxd5 Qxd5 9. Bxd5 Bf5 10. d3 Rd8 11. Bc4 Kd7 12. 0-0 Kc8 13. Nc3 Nd4 14. Bb3 Kb8 15. f4 exf4 16. Rxf4 Bc5 17. Kf1 Rhf8 18. a4 Ne6 19. Bxe6 Bxe6 20. Ne2 Bg4 21. h3 Bxe2+ 22. Kxe2 Rde8+ 23. Kf3 Rxf4+ 24. Bxf4 Rf8 25. g3 Bd4 26. c3 Be5 27. d4 Bd6 28. a5 g5 29. c4 gxf4 30. gxf4 Bxf4 31. Ke4 Bd2 32. Kd3 Bh6 33. Ke4 Rf4+ 34. Ke5 Rf3 35. Rg1 b6 36. a6 Rf8 37. Ke6 Kc8 38. b4 Re8+ 39. Kf7 Kd7 40. Rg4 Re7+ 41. Kf6 Bd2 42. b5 Bc3 43. Kf5 Kd6 44. Rg8 Bxd4 45. Rd8+ Kc5 46. Ra8 c6 47. bxc6 Kxc6 48. Rc8+ Kd6 49. Rd8+ Kc5 50. Rc8+ Kb4 51. h4 Ka5 52. Rd8 Bc3 53. h5 Kxa6 54. Kg5 b5 55. cxb5+ Kxb5 56. Rb8+ Ka5 57. Rb3 Bg7 58. h6 Bd4 59. Rd3 Bc5 60. Kf6 Ka4 61. Rc3 Bb4 62. Rg3 a5 63. Rg7 Rxg7 64. hxg7 Bc3+ 65. Kf7 Bxg7 66. Kxg7 0-1

[Event "Schleswig Holstein-ch U14 VM"]
[Site "Neumuenster"]
[Date "2008.03.25"]
[Round "2"]
[White "Stehr, Jan"]
[Black "Kroencke, Merten"]
[Result "0-1"]
[WhiteElo "704"]
[BlackElo "883"]
[PlyCount "56"]
[EventDate "2008.03.24"]
[EventType "swiss"]
[EventRounds "9"]
[EventCountry "GER"]
[SourceTitle "EXT 2009"]
[Source "ChessBase"]
[SourceDate "2008.11.26"]
[SourceVersion "1"]
[SourceVersionDate "2008.11.26"]
[SourceQuality "1"]

1. e4 c5 2. Nf3 d6 3. Bc4 Nf6 4. Ng5 e6 5. Qe2 Nc6 6. Bb5 Bd7 7. Bxc6 Bxc6 8. e5 Nd7 9. Qf3 Bxf3 10. Nxf3 Nxe5 11. d4 Nxf3+ 12. gxf3 cxd4 13. h4 Rc8 14. c3 Qa5 15. b4 Qc7 16. Na3 Qxc3+ 17. Kd1 Qxa1 18. Nc2 Qc3 19. Bd2 Qxc2+ 20. Ke2 Qxa2 21. Kf1 Qxd2 22. b5 Qd3+ 23. Kg2 Qxb5 24. h5 d3 25. h6 gxh6 26. Kg3 Qg5+ 27. Kh2 Rg8 28. Rg1 Qh5# 0-1